书目信息 |
| 题名: |
亨利·福特和他的汽车公司
|
|
| 作者: | 斯华德 著 ;赵炜征 , 常晓洁 译 | |
| 分册: | ||
| 出版信息: | 北京 新华出版社 1982 |
|
| 页数: | 465页 | |
| 开本: | 21cm | |
| 丛书名: | ||
| 单 册: | ||
| 中图分类: | F471.264 | |
| 科图分类: | ||
| 主题词: | ||
| 电子资源: | ||
| ISBN: | ||
| 000 | 00769nam0 2200265 45 | |
| 001 | 0182003632 | |
| 005 | 20060811093140.21 | |
| 010 | @dCNY1.40 | |
| 091 | @aCN@b4203.008 | |
| 100 | @a19950721d1982 em y0chiy0121 ea | |
| 101 | 1 | @achi@ceng |
| 102 | @aCN@b110000 | |
| 105 | @ay z 000yd | |
| 200 | 10 | @a亨利·福特和他的汽车公司@Aheng li fu te he ta de qi che gong si@f(英)斯华德著@g赵炜征, 常晓洁译 |
| 210 | @a北京@c新华出版社@d1982 | |
| 215 | @a465页@d21cm | |
| 600 | 1 | @a福特@bH.@x传记 |
| 601 | 02 | @a福特汽车公司@x简介 |
| 690 | @aF471.264@v3 | |
| 701 | 1 | @a斯华德@Asi hua de@4著 |
| 702 | 0 | @a赵炜征@Azhao wei zheng@4译 |
| 702 | 0 | @a常晓洁@Achang xiao jie@4译 |
| 801 | 0 | @aCN@bTSSF@c20060811 |
| 801 | 2 | @aCN@bNLC@c20060804 |
| 905 | @a10447@dF471.264@e26 | |
| 亨利·福特和他的汽车公司/(英)斯华德著/赵炜征, 常晓洁译.-北京:新华出版社,1982 |
| 465页;21cm |
| ISBN :CNY1.40 |
| ● |
| 相关链接 |
|
|
|
|
正题名:亨利·福特和他的汽车公司
索取号:F471.264/26
 
预约/预借
| 序号 | 登录号 | 条形码 | 馆藏地/架位号 | 状态 | 备注 |
| 1 | 0446753 | 204467530 | 密集书库/ [索取号:F471.264/26] | 在馆 | |
| 2 | 0448644 | 204486449 | 密集书库/ [索取号:F471.264/26] | 在馆 |